000 01027nam0a22003131 4500
001 RU\NLR\INFOCOMM10\ROSSICA\1000016497
005 20260406044438.0
035 _a(NLR Aleph) 009878839
090 _a10461254
_c10461254
100 _a20030815d1893 |||y0rusy50 ca
101 1 _ager
_crus
102 _aRU
105 _ay ||||000ay
200 1 _aBriefwechsel mitgetheilt von Fr.Waldmann zum Drucke von bereitet von Jak.Grot
_fKaramsin und Lavater
_gJak.Grot
210 _aSt.Petersburg
_d1893
215 _d
600 1 _aWaldmann
_bF.
_gFr.
_2PSBO
700 1 _4070
_8rus
_7ba
_aKaramzin
_bN. M.
_f1766-1826
_gNikolaj Michajlovič
_3RU\NLR\AUTH\774301
_9114282
701 1 _4070
_7ba
_8ger
_aLavater
_bJ. С.
_f1741-1801
_gJohann Сaspar
_9238848
_3RU\NLR\AUTH\770238904
702 1 _aGrot
_bJ.
_gJak.
_4340
790 1 _9z01700
_aKaramsin
_4070
801 1 _aRU
_bInfoComm
_c20030815
801 0 _aRU
_bNLR
_gPSBO
852 _aNLR
_j12.53.7.552
942 _cBOOK
980 _aNB
980 _aRossica